Критерии оценки качества письменного перевода; Межкультурная коммуникация: теория и практика; Ч. 2

Dades bibliogràfiques
Parent link:Межкультурная коммуникация: теория и практика: сборник статей X Международной научно-практической конференции "Лингвистические и культурологические традиции образования", 12-14 ноября 2010 г., Томск/ Национальный исследовательский Томский политехнический университет (ТПУ), Энергетический институт (ЭНИН) ; под ред. Н. А. Качалова.— , 2010.— 5-87307-103-9
Ч. 2.— 2010.— С. 108-112
Autor principal: Сидорович Т. С.
Idioma:rus
Publicat: 2010
Matèries:
Format: MixedMaterials Capítol de llibre
KOHA link:https://koha.lib.tpu.ru/cgi-bin/koha/opac-detail.pl?biblionumber=242892

MARC

LEADER 00000naa2a2200000 4500
001 242892
005 20231031210309.0
035 |a (RuTPU)RU\TPU\book\264214 
035 |a RU\TPU\book\264046 
090 |a 242892 
100 |a 20130912d2010 k y0rusy50 ca 
101 0 |a rus 
102 |a RU 
200 1 |a Критерии оценки качества письменного перевода  |f Т. С. Сидорович 
320 |a Библиогр.: с. 112 (4 назв.) 
461 0 |0 (RuTPU)RU\TPU\book\251515  |y 5-87307-103-9  |t Межкультурная коммуникация: теория и практика  |o сборник статей X Международной научно-практической конференции "Лингвистические и культурологические традиции образования", 12-14 ноября 2010 г., Томск  |o в 2 ч.  |f Национальный исследовательский Томский политехнический университет (ТПУ), Энергетический институт (ЭНИН) ; под ред. Н. А. Качалова  |d 2010 
463 0 |0 (RuTPU)RU\TPU\book\250302  |t Ч. 2  |v С. 108-112  |d 2010  |p 234 с. 
610 1 |a критерии оценки 
610 1 |a оценка качества 
610 1 |a письменный перевод 
610 1 |a иностранный язык 
610 1 |a обучение 
610 1 |a ошибки 
610 1 |a языковая подготовка 
610 1 |a переводческая деятельность 
610 1 |a студенты 
700 1 |a Сидорович  |b Т. С. 
801 1 |a RU  |b 63413507  |c 20130528 
801 2 |a RU  |b 63413507  |c 20130912  |g RCR 
942 |c BK